00341 a2200121 450000100060000010000170000624500260002326000270004909000170007694200230009399900190011695200840013535924 aYoshikawa H aDesign Theory for CAD aNorth HolbAmsterdamc c23474d23474 aNUST-CAEcMc14974 c270997d270997 001040708NFICaCAEbCAEd2017-04-03l0pCAE55704r2017-04-05w2017-04-05yBK